Estatísticas para Todos os clubes participantes da Copa Libertadores

Clique aqui para jogar o quiz

Estatísticas Gerais

  • Esse quiz foi jogado 261 vezes
  • A pontuação média é 96 de 224

Estatísticas das Respostas

#ClubePaís% Correto
23Atlético NacionalColômbia
98%
31Boca JuniorsArgentina
97%
49NacionalUruguai
97%
8NacionalParaguai
97%
1River PlateUruguai
97%
38River PlateArgentina
97%
18FlamengoBrasil
96%
21GrêmioBrasil
96%
22PalmeirasBrasil
96%
14InternacionalBrasil
95%
48PeñarolUruguai
95%
21São PauloBrasil
95%
2Sport RecifeBrasil
95%
16CorinthiansBrasil
94%
9Vasco da GamaBrasil
94%
5BotafogoBrasil
93%
8FluminenseBrasil
93%
44OlimpiaParaguai
93%
17SantosBrasil
93%
2Santos LagunaMéxico
93%
7AméricaMéxico
92%
12Atlético MineiroBrasil
91%
20IndependienteArgentina
91%
35Colo-ColoChile
90%
17CruzeiroBrasil
89%
8Athletico ParanaenseBrasil
87%
3BahiaBrasil
87%
4Universidad CatólicaEquador
86%
36BolívarBolívia
85%
3GuaraniBrasil
85%
20GuaraníParaguai
85%
20LDUEquador
85%
11RacingArgentina
85%
1Racing de MontevideoUruguai
85%
3CerroUruguai
84%
28BarcelonaEquador
82%
2CoritibaBrasil
81%
15EstudiantesArgentina
81%
1Estudiantes TecosMéxico
81%
1FortalezaBrasil
81%
29Universidad CatólicaChile
79%
25Universidad de ChileChile
79%
1JuventudeBrasil
76%
3São CaetanoBrasil
76%
1Universitario de La PazBolívia
76%
17San LorenzoArgentina
75%
1Santo AndréBrasil
75%
2TigreArgentina
75%
27Alianza LimaPeru
74%
28The StrongestBolívia
74%
21LibertadParaguai
73%
2Técnico UniversitarioEquador
73%
32UniversitarioPeru
73%
2ChapecoenseBrasil
72%
21CaracasVenezuela
71%
1GoiásBrasil
71%
1PaulistaBrasil
70%
29EmelecEquador
69%
1ParanáBrasil
68%
36Sporting CristalPeru
68%
43Cerro PorteñoParaguai
67%
17Vélez SarsfieldArgentina
66%
4Argentinos JuniorsArgentina
65%
8Independiente del ValleEquador
65%
1PaysanduBrasil
65%
21América de CaliColômbia
64%
8Newell's Old BoysArgentina
64%
1CriciúmaBrasil
63%
6LanúsArgentina
63%
1Red Bull BragantinoBrasil
63%
7Chivas GuadalajaraMéxico
61%
25Deportivo TáchiraVenezuela
61%
1NáuticoBrasil
61%
1BanguBrasil
60%
13CobreloaChile
60%
4TigresMéxico
60%
1América MineiroBrasil
57%
20Jorge WilstermannBolívia
56%
21Deportivo CaliColômbia
55%
7Once CaldasColômbia
55%
21Oriente PetroleroBolívia
55%
13Rosario CentralArgentina
55%
16DefensorUruguai
54%
1Defensor AricaPeru
54%
1Defensor LimaPeru
54%
1Deportivo PortuguésVenezuela
53%
13Independiente Santa FeColômbia
52%
8DanubioUruguai
50%
9Independiente MedellínColômbia
50%
17Junior BarranquillaColômbia
50%
2CobresalChile
49%
3Cruz AzulMéxico
49%
9TolimaColômbia
49%
18MillonariosColômbia
48%
3TalleresArgentina
48%
4HuracánArgentina
47%
2Defensa y JusticiaArgentina
44%
1TijuanaMéxico
43%
24El NacionalEquador
42%
4BanfieldArgentina
41%
2LiverpoolUruguai
41%
4Arsenal de SarandíArgentina
40%
3Atlético TucumánArgentina
40%
2MonterreyMéxico
39%
3Pumas UNAMMéxico
39%
13Unión EspañolaChile
39%
2PachucaMéxico
38%
1Nacional TáchiraVenezuela
37%
6Real PotosíBolívia
37%
6PalestinoChile
36%
3ColónArgentina
35%
3TolucaMéxico
35%
3Always ReadyBolívia
34%
3DelfínEquador
34%
2Gimnasia y EsgrimaArgentina
34%
5ZamoraVenezuela
33%
6MelgarPeru
32%
5Deportivo LaraVenezuela
31%
4Godoy CruzArgentina
31%
8PortuguesaVenezuela
31%
2QuilmesArgentina
31%
6CiencianoPeru
30%
2LeónMéxico
30%
1León de HuánucoPeru
30%
3AtlasMéxico
29%
10Deportivo QuitoEquador
29%
7BloomingBolívia
28%
2HuachipatoChile
27%
8San JoséBolívia
27%
3Audax ItalianoChile
26%
10Montevideo WanderersUruguai
26%
3Santiago WanderersChile
26%
1Sport BoysBolívia
26%
6Sport BoysPeru
26%
6Sol de AméricaParaguai
25%
2AuroraBolívia
24%
6CaraboboVenezuela
23%
2CúcutaColômbia
23%
1Independiente PetroleroBolívia
23%
2NecaxaMéxico
23%
3Sportivo LuqueñoParaguai
23%
1Atlético ZuliaVenezuela
22%
1ZuliaVenezuela
22%
1BinacionalPeru
21%
7Deportivo CuencaEquador
21%
1LaraVenezuela
21%
1Unión La CaleraChile
21%
4Monarcas MoreliaMéxico
20%
2Ferro Carril OesteArgentina
19%
1Montevideo City TorqueUruguai
19%
4O'HigginsChile
19%
3Universidad de ConcepciónChile
19%
8Estudiantes de MéridaVenezuela
18%
4Real GarcilasoPeru
18%
2América de QuitoEquador
17%
1Cerro LargoUruguai
17%
2Deportes IquiqueChile
17%
2Deportivo La GuairaVenezuela
17%
2FénixUruguai
17%
4Universidad César VallejoPeru
17%
3Universitario de SucreBolívia
16%
1AyacuchoPeru
15%
1Coquimbo UnidoChile
15%
3EvertonChile
15%
1MagallanesChile
15%
4MaracaiboVenezuela
15%
1AtlanteMéxico
14%
3Deportivo MunicipalBolívia
14%
2Deportivo MunicipalPeru
14%
2MonagasVenezuela
14%
1RentistasUruguai
14%
3TrujillanosVenezuela
14%
6Bella VistaUruguai
13%
1Deportivo PastoColômbia
13%
4Juan AurichPeru
13%
1La PazBolívia
13%
2MacaráEquador
13%
5Mineros de GuayanaVenezuela
13%
1Plaza ColoniaUruguai
13%
3San LuisMéxico
13%
1Sport HuancayoPeru
13%
1Jaguares de ChiapasMéxico
12%
4OlmedoEquador
12%
2TacuaryParaguai
12%
39 de OctubreEquador
11%
2Boyacá ChicóColômbia
11%
2ConcepciónChile
11%
1Deportivo CapiatáParaguai
11%
9Deportivo GaliciaVenezuela
11%
3ProgresoUruguai
11%
1Unión MagdalenaColômbia
11%
1EspoliEquador
10%
1PueblaMéxico
10%
1RochaUruguai
10%
3Universidad de Los AndesVenezuela
10%
3Universidad San MartínPeru
10%
212 de OctubreParaguai
9%
9Deportivo PetareVenezuela
9%
4MinervénVenezuela
9%
131 de OctubreBolívia
8%
1Atlético BucaramangaColômbia
8%
1Coronel BolognesiPeru
8%
1EverestEquador
8%
2Chaco PetroleroBolívia
7%
2ColegialesParaguai
7%
1CortuluáColômbia
7%
3Deportivo AnzoáteguiVenezuela
7%
1FilanbancoEquador
7%
2GuabiráBolívia
7%
1Pepeganga MargaritaVenezuela
7%
1RangersChile
7%
1Royal PariBolívia
7%
1San CristóbalVenezuela
7%
1ValdezEquador
7%
1Atlético ChalacoPeru
6%
1LitoralBolívia
6%
1Alfonso UgartePeru
5%
5MarítimoVenezuela
5%
1CanariasVenezuela
4%
1San AgustínPeru
4%
1TorinoPeru
4%
3Union HuaralPeru
4%
1San FelipeChile
3%
1Universidad de CajamarcaPeru
3%

Distribuição das Pontuações

Percentil de Números Respondidos

Porcentagem de Pessoas com Cada Pontuação

Sua Pontuação Histórica

Você não jogou esse quiz